[Event "Campalto CIS 54th Promoz Veneto G1"]
[Site "Campalto"]
[Date "2023.05.20"]
[Round "1.4"]
[White "Magagnin, Fabio"]
[Black "Gallo, Fausto"]
[Result "1/2-1/2"]
[WhiteElo "1303"]
[BlackElo "1300"]
[PlyCount "64"]
[EventDate "2023.05.20"]
[EventType "team-tourn"]
[EventRounds "3"]
[EventCountry "ITA"]
[SourceTitle "EXT 2024"]
[Source "ChessBase"]
[SourceDate "2023.10.10"]
[SourceVersion "1"]
[SourceVersionDate "2023.10.10"]
[SourceQuality "1"]
[WhiteTeam "Bellunese"]
[BlackTeam "Trichiana"]
[WhiteTeamCountry "ITA"]
[BlackTeamCountry "ITA"]

1. d4 Nf6 2. Nc3 g6 3. e4 d6 4. f4 c6 5. Nf3 Bg7 6. e5 dxe5 7. fxe5 Nd5 8. Bc4 Nxc3 9. bxc3 0-0 10. 0-0 b5 11. Bb3 Na6 12. Qe1 Nc7 13. Qh4 h5 14. Qg3 Be6 15. Bg5 Bxb3 16. cxb3 Ne6 17. Qh4 Nxg5 18. Qxg5 Kh7 19. Rf2 Bh6 20. Qg3 Be3 21. Ng5+ Bxg5 22. Qxg5 Qc7 23. Raf1 e6 24. Rf6 Rad8 25. Rxf7+ Rxf7 26. Rxf7+ Qxf7 27. Qxd8 Qf4 28. Qe7+ Kh6 29. Qf6 Qc1+ 30. Qf1 Qxc3 31. Qf8+ Kg5 32. Qf6+ Kh6 1/2-1/2